Možnosti zvyšovania konkurencieschopnosti

Vymedzenie pojmu konkurencieschopnosť a konkurenčná výhoda. Konkurencieschopnosť na úrovni podnikov. Vplyv inovácií na konkurencieschopnosť.

Uložené v:
Podrobná bibliografia
Hlavný autor: Vanacká, Andrea
Médium: Kapitola
Jazyk:Slovak
Predmet:
Tagy: Pridať tag
Žiadne tagy, Buďte prvý, kto otaguje tento záznam!

MARC

LEADER 00000nla a2200000 4500
001 0239083
005 20240417075131.3
041 0 |a slo 
044 |a SK 
245 1 0 |a Možnosti zvyšovania konkurencieschopnosti  |c Andrea Vanacká 
520 |a Vymedzenie pojmu konkurencieschopnosť a konkurenčná výhoda. Konkurencieschopnosť na úrovni podnikov. Vplyv inovácií na konkurencieschopnosť. 
610 2 0 |a konkurencieschopnosť 
610 2 0 |a výhody komparatívne 
610 2 0 |a výhody konkurenčné 
610 2 0 |a stratégia inovačná 
610 2 0 |a podnik 
610 2 0 |a výkonnosť inovačná 
610 2 0 |a výkonnosť podniku 
100 1 |a Vanacká, Andrea